00774nam a2200205Ia 4500003000900000008004100009040001600050080001700066110004300083245014500126260005300271300001400324500002600338650003600364650003400400650001900434942000700453999001500460952009300475IN-BaIIA211028s9999 xx 000 0 eng d cIIA Library a92:5bINSA-5 aIndian National Science Academy910909 0aBiographical memoirs of fellows of the Indian national science academybvol. 5cIndian National Science Academy  aNew DelhibIndian National Science Academyc1979 aii, 118p. aDonated by Mrs. Bappu aBiography - INSA Fellows912700 aINSA Fellows Biography912701 aNASA thesaurus cBK c7429d7429 00104070aBANbBANcGENd1983-07-06l0o92:5/ INSA-5p8238r2021-11-05w1983-07-06yBK